000 00612nam a2200217 a 4500
001 BRCA_5745
005 20190320205212.0
008 070311t1914----gw-a######---#000-0#ger-#
041 _ager
044 _agw
050 4 _aTR646
_b.G43
_c1914
100 1 _aGebhardt, Paul.
_914574
245 1 0 _aMit der Kamera auf Reisen.
_cGebhardt, Paul.
260 _aLeipzig
_bLiesegang´s Berlag M. Eger.
_c1914
300 _a168 p.
_bils., 38 láminas
_c18 cm.
500 _aH60
650 1 4 _aFotografía en espacios abiertos.
_914575
650 1 4 _aFotografía exterior
_zLeipzig
_914576
902 _aGFM
942 _2lcc
_cB
999 _c5435
_d5435